Microprocessors and microcontrollers / (Record no. 100267)

MARC details
000 -LEADER
fixed length control field 00639nam a22002057a 4500
005 - DATE AND TIME OF LATEST TRANSACTION
control field 20160610125544.0
010 ## - LCCN (DPL NO)
LC control number ENG-115239
020 ## - INTERNATIONAL STANDARD BOOK NUMBER
International Standard Book Number 9788120352315
Terms of availability 595.00
035 ## - SYSTEM CONTROL NUMBER
System control number EN-98771
037 ## - SOURCE OF ACQUISITION
Source of stock number/acquisition DBAD/PUB
082 ## - DEWEY DECIMAL CLASSIFICATION NUMBER
Classification number 004.16
100 ## - MAIN ENTRY--PERSONAL NAME
Personal name Mathur,Sunil
245 ## - TITLE STATEMENT
Title Microprocessors and microcontrollers /
Statement of responsibility, etc by Sunil Mathur [and] Jeebananda Panda
260 ## - PUBLICATION, DISTRIBUTION, ETC. (IMPRINT)
Place of publication, distribution, etc Delhi
Name of publisher, distributor, etc PHI Learning
Date of publication, distribution, etc 2016
270 ## - ADDRESS
Address Rimjhim House, 111, Patparganj Industrial Estate
City Delhi
Postal code 110092
300 ## - PHYSICAL DESCRIPTION
Extent xxiii,776p. :
Other physical details ill.
Dimensions 25cm(pbk)
500 ## - GENERAL NOTE
General note Includes index
700 ## - ADDED ENTRY--PERSONAL NAME
Personal name Panda, Jeebanada
942 ## - ADDED ENTRY ELEMENTS (KOHA)
Source of classification or shelving scheme Dewey Decimal Classification
Item type English Books
Classification part 004.16
Call number suffix MAT
Holdings
Withdrawn status Lost status Not for loan Collection code Home library Current library Date acquired Source of acquisition Cost, normal purchase price Full call number Barcode Copy number Cost, replacement price Koha item type
    Not For Loan Non-fiction D.B.Act.Division D.B.Act.Division 10/06/2016 DBAD/PUB 595.00 004.16 MAT EN-98771 1 595.00 English Books

© Delhi Public Library
Hit Counter
free hit counter